000 00526nam a2200157Ia 4500
008 151213s9999 xx 000 0 und d
100 _aবিভূতিভূষণের
245 _aশ্রেষ্ঠ উপন্যাস।
_cবিভূতিভূষণের
250 _a১ম সং
260 _aঢাকা
_bতোফাজ্জল হোসেন
_c2008
300 _a8330 p.
650 _aBangla
650 _aউপন্যাস
700 _aবিভূতিভূষণের
999 _c4172
_d4172